Mobility management in cellular and IP networks / (Record no. 54762)

MARC details
000 -LEADER
fixed length control field 00966nam a22002777a 4500
005 - DATE AND TIME OF LATEST TRANSACTION
control field 20110803120113.0
008 - FIXED-LENGTH DATA ELEMENTS--GENERAL INFORMATION
fixed length control field 110803t xxu||||| |||| 00| 0 eng d
010 ## - LCCN (DPL NO)
LC control number ENG-103203
020 ## - INTERNATIONAL STANDARD BOOK NUMBER
International Standard Book Number 9780070680807
Terms of availability 495.00
020 ## - INTERNATIONAL STANDARD BOOK NUMBER
International Standard Book Number 0070680809
Terms of availability 495.00
035 ## - SYSTEM CONTROL NUMBER
System control number EN-86736
037 ## - SOURCE OF ACQUISITION
Source of stock number/acquisition DBAD / PUB
040 ## - CATALOGING SOURCE
Original cataloging agency dpl
Language of cataloging English
082 ## - DEWEY DECIMAL CLASSIFICATION NUMBER
Classification number 621.38
100 ## - MAIN ENTRY--PERSONAL NAME
9 (RLIN) 29868
Personal name Rudrakshi, Somashekhar V.
245 ## - TITLE STATEMENT
Title Mobility management in cellular and IP networks /
Statement of responsibility, etc by Somashekhar V. Rudrakshi
260 ## - PUBLICATION, DISTRIBUTION, ETC. (IMPRINT)
Place of publication, distribution, etc New Delhi
Name of publisher, distributor, etc Tata McGraw Hill
Date of publication, distribution, etc 2011
270 ## - ADDRESS
Address 7, West Patel Nagar
City New Delhi
Postal code 110008
300 ## - PHYSICAL DESCRIPTION
Extent xxi,307p.
Dimensions 24cm (pbk)
500 ## - GENERAL NOTE
General note Includes bibliographical references and index
650 ## - SUBJECT ADDED ENTRY--TOPICAL TERM
9 (RLIN) 29869
651 ## - SUBJECT ADDED ENTRY--GEOGRAPHIC NAME
9 (RLIN) 1549
700 ## - ADDED ENTRY--PERSONAL NAME
9 (RLIN) 29871
942 ## - ADDED ENTRY ELEMENTS (KOHA)
Source of classification or shelving scheme Dewey Decimal Classification
Item type English Books
Call number suffix RUD
Classification part 621.38
Holdings
Withdrawn status Lost status Source of classification or shelving scheme Damaged status Not for loan Collection code Home library Current library Date acquired Source of acquisition Cost, normal purchase price Total Checkouts Full call number Barcode Date last seen Copy number Cost, replacement price Koha item type
    Dewey Decimal Classification   Not For Loan Non-fiction D.B.Act.Division D.B.Act.Division 03/08/2011 DBAD/PUB 495.00   621.38 RUD EN-86736 03/08/2011 1 495.00 English Books

© Delhi Public Library
Hit Counter
free hit counter